000 00552cam a2200157 4500500
005 20260322014409.0
041 _afre
042 _adc
100 1 0 _aCosta, François
_eauthor
700 1 0 _aPoulichet, Patrick
_eauthor
245 0 0 _aProbes for current measurement in power electronics
260 _c2026.
500 _a91
786 0 _nConversion of electrical energy | - | 2026-03-05 | p. 13-13
856 4 1 _uhttps://stm.cairn.info/analysis-tools-for-power-electronics-and-metrology--bdti42278210-d3085-page-13?lang=en&redirect-ssocas=7080
999 _c1788810
_d1788810